Groups of Things - US History #1 - Statistics

General Stats
  • This quiz has been taken 225 times
    208 since last reset
  • The average score is 16 of 34
Answer Stats
Hint Answer % Correct
Most Common Presidential First Names John
88%
Olympics Host Cities Los Angeles
88%
Wars in the 1800s War of 1812
85%
Wars in the 1800s Spanish-American War
80%
Olympics Host Cities Atlanta
79%
Wars in the 1800s Civil War
79%
Most Common Presidential First Names George
75%
Most Common Presidential First Names James
75%
Former Major Parties Whig
75%
Wars in the 1800s Mexican-American War
74%
Most Common Presidential First Names William
66%
Battleships Sunk at Pearl Harbor USS Arizona
61%
Olympics Host Cities Salt Lake City
58%
Olympics Host Cities St. Louis
53%
Commonwealths Virginia
49%
Former Major Parties Federalist
47%
Olympics Host Cities Lake Placid
46%
Great Depression "Alphabet Agencies" T{ennessee} V{alley} Authority
46%
Great Depression "Alphabet Agencies" S{ocial} S{ecurity} Board
39%
Commonwealths Massachusetts
38%
Great Depression "Alphabet Agencies" S{ecurities} and E{xchange} Commission
35%
Commonwealths Pennsylvania
34%
Former Major Parties Democratic-Republican
32%
Commonwealths Kentucky
26%
Great Depression "Alphabet Agencies" Federal D{eposit} I{nsurance} Corporation
24%
Olympics Host Cities Squaw Valley
20%
Largest National Parks Denali
19%
Great Depression "Alphabet Agencies" W{orks} P{rogress} Administration
18%
Largest National Parks Death Valley
17%
Battleships Sunk at Pearl Harbor USS Oklahoma
16%
Great Depression "Alphabet Agencies" National I{ndustrial} Recovery Act
14%
Largest National Parks Gates of the Arctic
6%
Largest National Parks Katmai
4%
Largest National Parks Wrangell-St. Elias
3%
No matching quizzes found
Score Distribution
Percent of People with Each Score
Percentile by Number Answered
Your Score History
You have not taken this quiz since the last reset